000 00463nam a2200193Ia 4500
005 20250603145626.0
008 250603s9999 xx 000 0 und d
020 _a9780357039083
050 _aPN 4129.15 .K45/
100 _aKeith, William M.
245 0 _aPublic speaking : choices and responsibility
250 _a3rd ed.
260 _aUnited State
260 _bCengage
260 _c2020
300 _a310 p
650 _aUnited State
942 _cBK
999 _c42382
_d42382